Testigos = Witnesses /
שמור ב:
| מחבר ראשי: | |
|---|---|
| מחברים אחרים: | |
| פורמט: | לא ידוע |
| שפה: | Spanish |
| יצא לאור: |
Cartago, Costa Rica :
Museo de arte y diseño contemporáneo ,
c2002
|
| תגים: |
הוספת תג
אין תגיות, היה/י הראשונ/ה לתייג את הרשומה!
|
MARC
| LEADER | 000000000a22000000004500 | ||
|---|---|---|---|
| 001 | 009841 | ||
| 008 | 231013b |||||||| |||| 00| 0 spa d | ||
| 041 | 0 | |a spa, eng | |
| 082 | 0 | 4 | |a 709.04 |b R616t |
| 100 | 1 | |a Riva-Churchill, Angiola | |
| 245 | 1 | 0 | |a Testigos = |b Witnesses / |c Angiola Riva-Churchill ; Rolando Barahona Sotela, curador. |
| 246 | 3 | 1 | |a Witnesses |
| 260 | 1 | |a Cartago, Costa Rica : |b Museo de arte y diseño contemporáneo , |c c2002 | |
| 300 | |a 24 páginas : |b ilustraciones (algunas a color) | ||
| 700 | 1 | |a Barahona Sotela, Rolando, |e curador | |
| 942 | |c REF |2 ddc | ||
| 999 | |c 15849 |d 15849 | ||
